[Event "Almansa op-A 12th"]
[Site "Almansa"]
[Date "2017.08.02"]
[Round "3"]
[White "Jordan Martinez, Miguel"]
[Black "Unciti Juan, Javier"]
[Result "1-0"]
[WhiteElo "2212"]
[BlackElo "2040"]
[PlyCount "88"]
[EventDate "2017.08.01"]
[EventType "swiss"]
[EventRounds "9"]
[EventCountry "ESP"]
[SourceTitle "CBM 179 Extra"]
[Source "ChessBase"]
[SourceDate "2017.08.23"]
[SourceVersion "1"]
[SourceVersionDate "2017.08.23"]
[SourceQuality "1"]

1. e4 e6 2. b3 d5 3. Bb2 dxe4 4. Nc3 Nf6 5. Qe2 Bb4 6. 0-0-0 Qe7 7. Nxe4 Ba3 8. Nf3 Nbd7 9. Nxf6+ Qxf6 10. c3 Bxb2+ 11. Kxb2 c5 12. Qe3 0-0 13. Bb5 Qe7 14. d4 cxd4 15. Qxd4 Nf6 16. Ne5 a6 17. Be2 b5 18. Bf3 Bb7 19. Nc6 Bxc6 20. Bxc6 Rad8 21. Qb6 Rb8 22. Qd4 Rfd8 23. Qe3 Qc7 24. Bf3 Rbc8 25. h3 a5 26. Rxd8+ Rxd8 27. Rd1 Rxd1 28. Bxd1 Nd5 29. Qd4 b4 30. cxb4 Nxb4 31. a3 Nc6 32. Qc3 Qb6 33. Qe3 Nd4 34. Qc3 g6 35. b4 e5 36. f3 axb4 37. Qxb4 Qa7 38. a4 Nc6 39. Qb5 Qd4+ 40. Kc1 Nb4 41. Be2 Na2+ 42. Kc2 Qc3+ 43. Kb1 Nb4 44. Qc4 Qc2+ 1-0

[Event "Masdenverge op 6th"]
[Site "Masdenverge"]
[Date "2017.07.01"]
[Round "4"]
[White "Buch Prades, Joan"]
[Black "Jordan Martinez, Miguel"]
[Result "0-1"]
[WhiteElo "2077"]
[BlackElo "2161"]
[PlyCount "90"]
[EventDate "2017.06.30"]
[EventType "swiss"]
[EventRounds "7"]
[EventCountry "ESP"]
[SourceTitle "EXT 2019"]
[Source "ChessBase"]
[SourceDate "2018.10.10"]
[SourceVersion "1"]
[SourceVersionDate "2018.10.10"]
[SourceQuality "1"]

1. d4 Nf6 2. c4 g6 3. Nc3 Bg7 4. e4 d6 5. Bd3 0-0 6. Nge2 Nc6 7. 0-0 e5 8. d5 Nd4 9. Nxd4 exd4 10. Ne2 Nd7 11. Ng3 Ne5 12. Be2 Qh4 13. Rb1 d3 14. Bxd3 Ng4 15. h3 Nxf2 16. Qf3 Nxd3 17. Qxd3 Be5 18. Ne2 f5 19. Bf4 fxe4 20. Qe3 Bxf4 21. Rxf4 Rxf4 22. Qxf4 Qxf4 23. Nxf4 Bd7 24. Re1 Re8 25. Kf2 Kg7 26. Ke3 Kf6 27. Kd4 c5+ 28. dxc6 Bxc6 29. Nd5+ Bxd5 30. Kxd5 e3 31. Re2 Kf5 32. Kd4 Kf4 33. Kd3 Re5 34. Kd4 h5 35. b4 b6 36. a3 g5 37. Kd3 b5 38. cxb5 Rd5+ 39. Kc3 Ke4 40. a4 Rd3+ 41. Kc2 d5 42. a5 d4 43. b6 axb6 44. axb6 Rc3+ 45. Kd1 Rc6 0-1

[Event "Masdenverge op 6th"]
[Site "Masdenverge"]
[Date "2017.06.30"]
[Round "2"]
[White "Roig Sales, Carlos"]
[Black "Jordan Martinez, Miguel"]
[Result "0-1"]
[WhiteElo "1780"]
[BlackElo "2161"]
[PlyCount "56"]
[EventDate "2017.06.30"]
[EventType "swiss"]
[EventRounds "7"]
[EventCountry "ESP"]
[SourceTitle "EXT 2019"]
[Source "ChessBase"]
[SourceDate "2018.10.10"]
[SourceVersion "1"]
[SourceVersionDate "2018.10.10"]
[SourceQuality "1"]

1. d4 Nf6 2. c4 g6 3. Nf3 Bg7 4. g3 0-0 5. Bg2 d6 6. 0-0 Nbd7 7. Nc3 c6 8. e4 e5 9. d5 c5 10. a3 Ne8 11. b4 h6 12. Ne1 f5 13. f3 cxb4 14. axb4 Qb6+ 15. Kh1 Qxb4 16. Nb5 Qxc4 17. Rxa7 Rxa7 18. Nxa7 fxe4 19. Nxc8 Qxc8 20. fxe4 Rxf1+ 21. Bxf1 Nef6 22. Bg2 Qc4 23. Ba3 Nxe4 24. Qb1 Ndc5 25. Bxc5 Nxc5 26. Qxg6 Qc1 27. Bh3 Qxe1+ 28. Bf1 Qxf1# 0-1

[Event "Gibraltar Challenger op-B"]
[Site "Caleta"]
[Date "2017.01.30"]
[Round "3"]
[White "Dasaolu, Rotimi"]
[Black "Jordan Martinez, Miguel"]
[Result "0-1"]
[WhiteElo "2051"]
[BlackElo "2142"]
[PlyCount "113"]
[EventDate "2017.01.28"]
[EventType "swiss"]
[EventRounds "5"]
[EventCountry "GGB"]
[SourceTitle "EXT 2018"]
[Source "ChessBase"]
[SourceDate "2017.10.13"]
[SourceVersion "1"]
[SourceVersionDate "2017.10.13"]
[SourceQuality "1"]

1. c4 e5 2. Nc3 Nf6 3. g3 Nc6 4. Bg2 Bc5 5. e3 0-0 6. Nge2 Re8 7. d3 d6 8. 0-0 Bf5 9. d4 exd4 10. exd4 Bb6 11. Bg5 h6 12. Bxf6 Qxf6 13. Nd5 Qd8 14. b4 a6 15. b5 axb5 16. cxb5 Na5 17. Nxb6 cxb6 18. Nf4 Rc8 19. Rc1 Rxc1 20. Qxc1 g5 21. Nd5 Bd3 22. Rd1 Bxb5 23. Nc7 Ba4 24. Nxe8 Bxd1 25. Nxd6 Qxd6 26. Qxd1 Nc6 27. Qa4 Nxd4 28. Bxb7 Kg7 29. Kg2 h5 30. Qd1 g4 31. Qd2 Qf6 32. Qe3 Nf5 33. Qe2 Nd6 34. Bd5 Qd4 35. Bc6 Kf6 36. h3 Qc5 37. Ba8 gxh3+ 38. Kh2 b5 39. Qf3+ Kg7 40. Bd5 Qd4 41. Kxh3 Qe5 42. Kg2 b4 43. Bb3 Nf5 44. Qb7 Qe7 45. Qf3 Qg5 46. Qe4 h4 47. g4 Nh6 48. Kh3 f5 49. Qe5+ Qf6 50. Qc7+ Kg6 51. Bd1 fxg4+ 52. Bxg4 Nxg4 53. Kxg4 Qg5+ 54. Kh3 Qf5+ 55. Kxh4 Qf6+ 56. Kg3 Qc3+ 57. Kg4 0-1

[Event "Gibraltar Challenger op-A"]
[Site "Caleta"]
[Date "2017.01.23"]
[Round "1"]
[White "Hajenius, Willem"]
[Black "Jordan Martinez, Miguel"]
[Result "0-1"]
[WhiteElo "1943"]
[BlackElo "2142"]
[PlyCount "76"]
[EventDate "2017.01.23"]
[EventType "swiss"]
[EventRounds "5"]
[EventCountry "GGB"]
[SourceTitle "CBM 176 Extra"]
[Source "ChessBase"]
[SourceDate "2017.03.02"]
[SourceVersion "1"]
[SourceVersionDate "2017.03.02"]
[SourceQuality "1"]

1. d4 Nf6 2. c4 g6 3. Nc3 Bg7 4. e4 d6 5. f4 0-0 6. Nf3 c5 7. d5 e6 8. Be2 exd5 9. cxd5 Re8 10. e5 dxe5 11. fxe5 Ng4 12. e6 fxe6 13. 0-0 exd5 14. Nxd5 Be6 15. Bc4 Ne5 16. Bg5 Nxf3+ 17. Qxf3 Qxg5 18. Rae1 Bd4+ 19. Kh1 Nd7 20. Rxe6 Rf8 21. Re7 Kh8 22. Qh3 Rxf1+ 23. Bxf1 Nf8 24. Qf3 Rd8 25. Rf7 Qxd5 26. Rxf8+ Rxf8 27. Qxf8+ Qg8 28. Qxg8+ Kxg8 29. Bc4+ Kg7 30. g4 Bxb2 31. Kg2 Kf6 32. Kf3 Ke5 33. h4 h6 34. h5 gxh5 35. gxh5 Kd4 36. Bb3 c4 37. Bc2 Kc3 38. Bb1 Kd2 0-1